<?xml version='1.0' encoding='UTF-8'?>
  <record xmlns="http://www.loc.gov/MARC21/slim">
    <leader>00000cam a2200000 i 4500</leader>
    <controlfield tag="001">ocm69047293</controlfield>
    <controlfield tag="003">OCoLC</controlfield>
    <controlfield tag="005">20240127100239.6</controlfield>
    <controlfield tag="008">960116s1582    gw            000 0 ger d</controlfield>
    <datafield tag="040" ind1=" " ind2=" ">
      <subfield code="a">NLGGC</subfield>
      <subfield code="b">dut</subfield>
      <subfield code="e">fobidrtb</subfield>
      <subfield code="c">NLGGC</subfield>
      <subfield code="d">QGJ</subfield>
      <subfield code="d">OCLCA</subfield>
      <subfield code="d">OCLCQ</subfield>
      <subfield code="d">OCLCA</subfield>
      <subfield code="d">OCLCL</subfield>
    </datafield>
    <datafield tag="029" ind1="0" ind2=" ">
      <subfield code="a">NLGGC</subfield>
      <subfield code="b">144151251</subfield>
    </datafield>
    <datafield tag="029" ind1="1" ind2=" ">
      <subfield code="a">CHBIS</subfield>
      <subfield code="b">006298695</subfield>
    </datafield>
    <datafield tag="029" ind1="1" ind2=" ">
      <subfield code="a">CHVBK</subfield>
      <subfield code="b">172712785</subfield>
    </datafield>
    <datafield tag="035" ind1=" " ind2=" ">
      <subfield code="a">(OCoLC)69047293</subfield>
    </datafield>
    <datafield tag="041" ind1="1" ind2=" ">
      <subfield code="a">ger</subfield>
      <subfield code="h">lat</subfield>
      <subfield code="h">fre</subfield>
    </datafield>
    <datafield tag="245" ind1="0" ind2="0">
      <subfield code="a">Summarische historia und warhafftig Geschicht von dem Leben, Lehr, Bekantnuss und Ableyben Martin Luthers und Joann Calvini und etlich anderer ihrer Mitgegehülffen und Diener dess Newoffenbarten Evangelii /</subfield>
      <subfield code="c">erstlich ausz Französicher Sprach durch Jacobum Laingaeum Scotum ... ins Latein gebracht ; zu gutherischer Warnung und notwendiger Erinnerung was von solchen Lehrern und anderen Newen Concordisten zu halten auch wie sie aus ihren Früchten zu erkennen seyn, trewlich verteutsch ; mit einer ernstlichen und sehr nützlichen Vorrede obgemeltes Doctoris Laingaei.</subfield>
    </datafield>
    <datafield tag="260" ind1=" " ind2=" ">
      <subfield code="a">Gedruckt zu Ingolstadt :</subfield>
      <subfield code="b">In der Weissenhornischen Truckerey, bey Wolffg. Eder,</subfield>
      <subfield code="c">Anno M.D. LXXXII. [1582]</subfield>
    </datafield>
    <datafield tag="300" ind1=" " ind2=" ">
      <subfield code="a">[26], 363 [i.e. 263] pagina's ;</subfield>
      <subfield code="c">in-4 (20 cm)</subfield>
    </datafield>
    <datafield tag="336" ind1=" " ind2=" ">
      <subfield code="a">tekst</subfield>
      <subfield code="b">txt</subfield>
      <subfield code="2">rdacontent/dut</subfield>
    </datafield>
    <datafield tag="337" ind1=" " ind2=" ">
      <subfield code="a">zonder medium</subfield>
      <subfield code="b">n</subfield>
      <subfield code="2">rdamedia/dut</subfield>
    </datafield>
    <datafield tag="338" ind1=" " ind2=" ">
      <subfield code="a">band</subfield>
      <subfield code="b">nc</subfield>
      <subfield code="2">rdacarrier/dut</subfield>
    </datafield>
    <datafield tag="500" ind1=" " ind2=" ">
      <subfield code="a">In ondertitel abusievelijk "Mitgegeh|lffen."</subfield>
    </datafield>
    <datafield tag="500" ind1=" " ind2=" ">
      <subfield code="a">Toegeschreven aan Hierosme Hermes Bolsec of Noel Taillepied.</subfield>
    </datafield>
    <datafield tag="500" ind1=" " ind2=" ">
      <subfield code="a">Vertaler uit het Latijn is: Joannes Engerdus</subfield>
    </datafield>
    <datafield tag="500" ind1=" " ind2=" ">
      <subfield code="a">Collatieformule: *-5*⁴ A-2K⁴ (2K4 blanco?)</subfield>
    </datafield>
    <datafield tag="500" ind1=" " ind2=" ">
      <subfield code="a">Colofon: Gedruckt zu Ingolstatt, in der Weissenhornischen Truckerey, durch Wolffgang Eder.</subfield>
    </datafield>
    <datafield tag="600" ind1="1" ind2="4">
      <subfield code="a">Luther, Martin,</subfield>
      <subfield code="d">1483-1546.</subfield>
      <subfield code="0">(NL-LeOCL)068440146</subfield>
    </datafield>
    <datafield tag="600" ind1="1" ind2="4">
      <subfield code="a">Calvijn, Johannes</subfield>
      <subfield code="q">(Jean),</subfield>
      <subfield code="d">1509-1564.</subfield>
      <subfield code="0">(NL-LeOCL)068313993</subfield>
    </datafield>
    <datafield tag="700" ind1="1" ind2=" ">
      <subfield code="a">Bolsec, Hierosme Hermes,</subfield>
      <subfield code="d">-ca. 1584.</subfield>
      <subfield code="1">https://id.oclc.org/worldcat/entity/E39PBJfcJmwKQ9fBdH4PVWhGpP</subfield>
    </datafield>
    <datafield tag="700" ind1="1" ind2=" ">
      <subfield code="a">Taillepied, Noel,</subfield>
      <subfield code="d">1540-1589.</subfield>
      <subfield code="1">https://id.oclc.org/worldcat/entity/E39PBJppvWWvXqf6xfVTQhbGHC</subfield>
    </datafield>
    <datafield tag="700" ind1="1" ind2=" ">
      <subfield code="a">Laingaeus, Jac.</subfield>
    </datafield>
    <datafield tag="700" ind1="1" ind2=" ">
      <subfield code="a">Engerdus, Joannes.</subfield>
    </datafield>
    <datafield tag="710" ind1="0" ind2=" ">
      <subfield code="a">Eder, Wolfgang (Ingolstadt)</subfield>
      <subfield code="4">prt</subfield>
      <subfield code="0">(NL-LeOCL)077154460</subfield>
    </datafield>
    <datafield tag="758" ind1=" " ind2=" ">
      <subfield code="a">Summarische historia und warhafftig Geschicht von dem Leben, Lehr, Bekantnuss und Ableyben Martin Luthers und Joann Calvini und etlich anderer ihrer Mitgegehülffen und Diener dess Newoffenbarten Evangelii (Text)</subfield>
      <subfield code="1">https://id.oclc.org/worldcat/entity/E39PCFKCvwM8tCjttGXvrDxKwK</subfield>
      <subfield code="4">https://id.oclc.org/worldcat/ontology/hasWork</subfield>
    </datafield>
  </record>